00487nam a2200157Ia 4500003000900000008004100009020001800050040001600068080001500084100001600099245011200115260003500227300001600262650002700278650002400305IN-BaIIA211028s9999 xx 000 0 eng d a0-85226-427-5 cIIA Library a517.9bJAI aJain, M. K. 0aNumerical solution of differential equationscM. K. Jain  aNew DelhibWiley Easternc1979 axiii, 443p. aDifferential Equations aNumerical Solutions